| 000 | 00867nam a2200253Ia 4500 | ||
|---|---|---|---|
| 003 | OSt | ||
| 005 | 20221005084845.0 | ||
| 006 | a|||||r|||| 00| 0 | ||
| 007 | ta | ||
| 008 | 221004b |||||||| |||| 00| 0 eng d | ||
| 020 |
_a978107042964 (hbk) _c6732.32 |
||
| 024 | _a23569 | ||
| 037 |
_b123, 04/12/2015, Classic Book Service _cTextual |
||
| 040 |
_aCRL _cCRL _beng |
||
| 041 |
_2eng _aeng |
||
| 082 | _aY47.591'K, Q5 | ||
| 100 |
_aEl - Rouayheb Khaled _9595402 |
||
| 245 | 0 |
_aIslamic intellectual history in the seventeenth century _b Scholarly currents in the ottoman empire and the maghreb |
|
| 260 |
_aNew York _bCambridge University Press U.S.A _c2015 |
||
| 300 |
_axvi, 399p. _ccm. |
||
| 650 | _aSOCIOLOGY | ||
| 942 |
_hY47.591'K, Q5 _cTEXL _2cc |
||
| 999 |
_c993239 _d993239 |
||